Представление документа в формате MARC21

Поле Инд. ПП Название Значение
Тип записи m
Библиографический уровень m
001 Контрольный номер c6b93f417198495d8b8637a31bb21a93
005 Дата корректировки 20250221154346.3
008 Кодируемые данные 140914|||||||||ru |||||||||||||||||rus||
040 b Код языка каталог. rus
041 0_ a Код языка текста rus
084 a Индекс другой классификации/Индекс ББК 94+39.42-082.022
090 a Полочн. индекс 94
x Авторский знак К 31
100 1_ a Автор Каян В. В.
245 10 a Заглавие Разработка безопасных способов маневрирования судна при выполнении буксирных операций
b Продолж. заглавия автореф. дис. ... канд. техн. наук : 05.22.19
c Ответственность ФГБОУ ВПО "Мурман. гос. техн. ун-т"
h Физич. носитель Электронный ресурс
256 a Характеристики компьютерного файла Электрон. текстовые дан. (1 файл : 741 Кб)
260 a Место издания Мурманск
c Дата издания 2014
500 a Примечание URL: https://mstu.mauniver.ru/science/diss/d307_09_03/files/kayan-referat.pdf. - Загл. с экрана. - Имеется печ. аналог 2014 г.
583 x Служебное примечание Полнотекстовые документы
x Служебное примечание Труды преподавателей МГТУ
650 04 a Основная рубрика Управление судами-Авторефераты диссертаций
653 0_ a Ключевые слова Авторефераты диссертаций
a Ключевые слова Безопасность мореплавания
a Ключевые слова Буксировка судна
a Ключевые слова Буксируемые системы
a Ключевые слова Гидродинамические усилия
a Ключевые слова Маневрирование судна
a Ключевые слова Труды преподавателей МГТУ
a Ключевые слова Управление судном
a Ключевые слова Электронные версии
856 40 u URL https://mstu.mauniver.ru/science/diss/d307_09_03/files/kayan-referat.pdf
901 t Тип документа r